000 00602nam a2200217Ii 4500
001 19548
003 CO-ViMGA
008 241108s9999||||xx |||||||||||||| ||und||
020 _a9789871343164
040 _aCO-ViMGA
_bspa
_erda
_cCO-ViMGA
041 0 _aspa
084 _aN AVE2s
100 1 _aMárgara Averbach
_950081
245 1 0 _aSol
264 1 _aBuenos Aires, Argentina : Ediciones del Naranjo, 2009
300 _avolumen
336 _atext
_btxt
_2rdacontent
337 _aunmediated
_bn
_2rdamedia
338 _avolume
_bnc
_2rdacarrier
940 _aidficha_siabuc: 19204. -- ficha_no_siabuc:19548
999 _c44759
_d44759